00387nam a2200157Ia 4500003000900000008004100009020001800050040001600068080001600084100001300100245003900113260003400152300001300186650001500199700001500214IN-BaIIA211028s9999 xx 000 0 eng d a3-540-58105-7 cIIA Library a523.68bHEI aHeide, F 0aMeteoritescF. Heide and F Wlotzka aBerlinbSpringer-Verlagc1995 ax, 231p. aMeteorites aWlotzka, F